<?xml version="1.0" encoding="UTF-8"?>
<record
    xmlns:xsi="http://www.w3.org/2001/XMLSchema-instance"
    xsi:schemaLocation="http://www.loc.gov/MARC21/slim http://www.loc.gov/standards/marcxml/schema/MARC21slim.xsd"
    xmlns="http://www.loc.gov/MARC21/slim">

  <leader>01714pab a2200181 454500</leader>
  <controlfield tag="008">180718b2008   xxu||||| |||| 00| 0 eng d</controlfield>
  <datafield tag="100" ind1=" " ind2=" ">
    <subfield code="a">Viswanath, A.</subfield>
  </datafield>
  <datafield tag="245" ind1=" " ind2=" ">
    <subfield code="a">Building infrastructure through PPP model: Policy lessons from RGIA</subfield>
  </datafield>
  <datafield tag="260" ind1=" " ind2=" ">
    <subfield code="c">2008</subfield>
  </datafield>
  <datafield tag="300" ind1=" " ind2=" ">
    <subfield code="a">p.587-594.</subfield>
  </datafield>
  <datafield tag="362" ind1=" " ind2=" ">
    <subfield code="a">Jul-Sep</subfield>
  </datafield>
  <datafield tag="520" ind1=" " ind2=" ">
    <subfield code="a">The Public Private Partnership (PPP) model in vogue in India is a policy outcome of a liberalised business environment. Aimed at encouraging private participation and partnership in augmenting infrastructure - especially in the aviation sector, it broadly lays emphasis on associating experienced business groups in this vital field. the experience shows that the Indian policy-makers welcomed the arrangement and facilitated policy implementation which resulted in construction of airports at Bengaluru, Hyderabad, Mumbai and Delhi. Crucial aspects are Concession Agreement with Government of India and state agreement with Government of Andhra Pradesh. New Concepts of Public Management like risk allocation to different partners - the GMR; the Airports Authority of India, the Government of India, the state government, the compulsion on the part of different partners to complete the assigned tasks within the timelines offers a challenge to theoreticians of New Public Management (NPM) and practicing administrators about the need for adoption of new methodological tools to assess the impact of such arrangements. The new airport that was build under PPP vastly improved the infrastructure in the aviation field. - Reproduced.</subfield>
  </datafield>
  <datafield tag="650" ind1=" " ind2=" ">
    <subfield code="a">Public private partnership</subfield>
  </datafield>
  <datafield tag="700" ind1=" " ind2=" ">
    <subfield code="a">Kumar, C. Jeevan</subfield>
  </datafield>
  <datafield tag="773" ind1=" " ind2=" ">
    <subfield code="a">Indian Journal of Public Administration</subfield>
  </datafield>
  <datafield tag="908" ind1=" " ind2=" ">
    <subfield code="a">N</subfield>
  </datafield>
  <datafield tag="909" ind1=" " ind2=" ">
    <subfield code="a">79877</subfield>
  </datafield>
  <datafield tag="999" ind1=" " ind2=" ">
    <subfield code="c">79877</subfield>
    <subfield code="d">79877</subfield>
  </datafield>
  <datafield tag="952" ind1=" " ind2=" ">
    <subfield code="0">0</subfield>
    <subfield code="1">0</subfield>
    <subfield code="4">0</subfield>
    <subfield code="7">0</subfield>
    <subfield code="a">IIPA</subfield>
    <subfield code="b">IIPA</subfield>
    <subfield code="d">2018-07-19</subfield>
    <subfield code="h">Volume no: 54, Issue no: 3</subfield>
    <subfield code="p">AR80337</subfield>
    <subfield code="r">2018-07-19</subfield>
    <subfield code="w">2018-07-19</subfield>
    <subfield code="y">AR</subfield>
  </datafield>
</record>
